Saverio el cruel. La isla desierta /
Guardado en:
| Hovedforfatter: | |
|---|---|
| Andre forfattere: | |
| Format: | Ukendt |
| Sprog: | Spanish |
| Udgivet: |
Buenos Aires:
Losada,
c1998
|
| Udgivelse: | 1. edición |
| Serier: | Biblioteca clásica y contemporánea ;
627 |
| Fag: | |
| Tags: |
Tilføj Tag
Ingen Tags, Vær først til at tagge denne postø!
|
MARC
| LEADER | 000000000a22000000004500 | ||
|---|---|---|---|
| 001 | 000588 | ||
| 008 | 140731s1988 ag | |||| 000 f spa d | ||
| 020 | |a 9500305429 | ||
| 040 | |a CIICLA | ||
| 041 | 0 | |a español | |
| 082 | |a Ar863.4 |b A725s | ||
| 100 | 1 | |a Arlt, Roberto, |d 1900-1942 | |
| 245 | 1 | 0 | |a Saverio el cruel. La isla desierta / |c Roberto Arlt ; prólogo Mirta Arlt |
| 250 | |a 1. edición | ||
| 260 | |a Buenos Aires: |b Losada, |c c1998 | ||
| 300 | |a 151 páginas | ||
| 490 | 0 | |a Biblioteca clásica y contemporánea ; |v 627 | |
| 500 | |a Número de inscripción 13824 | ||
| 650 | 7 | |a LITERATURA ARGENTINA |v NOVELA | |
| 700 | 1 | 2 | |a Arlt, Mirta |j prólogo |
| 942 | |2 ddc |c BK | ||
| 999 | |c 1379 |d 1379 | ||



